La pintura italiana. (Record no. 186941)
[ view plain ]
| 000 -LEADER | |
|---|---|
| campo de control de longitud fija | 00918nam a2200265 i 4500 |
| 001 - NÚMERO DE CONTROL | |
| campo de control | 186941 |
| 003 - IDENTIFICADOR DE NÚMERO DE CONTROL | |
| campo de control | SpMaBN |
| 005 - FECHA Y HORA DE LA ÚLTIMA TRANSACCIÓN | |
| campo de control | 20230906222757.0 |
| 008 - DATOS DE LONGITUD FIJA--INFORMACIÓN GENERAL | |
| campo de control de longitud fija | 170303q1957 sp a |||| |dspa d |
| 080 ## - NÚMERO DE LA CLASIFICACIÓN DECIMAL UNIVERSAL | |
| Número de la Clasificación Decimal Universal | 75(45)(091) |
| 100 1# - ENTRADA PRINCIPAL--NOMBRE DE PERSONA | |
| Nombre de persona | Francastel, Galienne. |
| 9 (RLIN) | 52131 |
| 245 13 - MENCIÓN DEL TÍTULO | |
| Título | La pintura italiana. |
| Número de parte o sección de la obra | I, |
| Nombre de parte o sección de la obra | De Bizancio al Renacimiento / |
| Mención de responsabilidad, etc. | por Galienne Francastel ; traducción de Elisabeth Mulder. |
| 246 30 - FORMA VARIANTE DEL TITULO | |
| Título propio/Titulo breve | De Bizancio al Renacimiento |
| 260 ## - PUBLICACIÓN, DISTRIBUCIÓN, ETC. | |
| Lugar de publicación, distribución, etc. | Madrid ; |
| -- | Barcelona : |
| Nombre del editor, distribuidor, etc. | Garriga, |
| Fecha de publicación, distribución, etc. | [ca. 1957] |
| 300 ## - DESCRIPCIÓN FÍSICA | |
| Extensión | 167 p. : |
| Otras características físicas | il. col. ; |
| Dimensiones | 24 cm. |
| 490 1# - MENCIÓN DE SERIE | |
| Mención de serie | Colección "Pictura" ; |
| Designación de volumen o secuencia | 2 |
| 500 ## - NOTA GENERAL | |
| Nota general | Índices. |
| 504 ## - NOTA DE BIBLIOGRAFÍA, ETC. | |
| Nota de bibliografía, etc. | Bibliografía: p. 161-162. |
| 599 ## - NOTA A LAS ILUSTRACIONES | |
| NOTA A LAS ILUSTRACIONES | Con lám. col. adheridas. |
| 650 #7 - PUNTO DE ACCESO ADICIONAL DE MATERIA--TÉRMINO DE MATERIA | |
| Término de materia o nombre geográfico como elemento de entrada | Pintura italiana- |
| Subdivisión de forma | Historia. |
| 9 (RLIN) | 161960 |
| 700 1# - ENTRADA AGREGADA--NOMBRE PERSONAL | |
| Nombre de persona | Mulder, Elisabeth. |
| 9 (RLIN) | 84098 |
| 830 0# - PUNTO DE ACCESO ADICIONAL DE SERIE-TÍTULO UNIFORME | |
| Título uniforme | Colección "Pictura" ; |
| Designación de volumen o secuencia | 2 |
| 9 (RLIN) | 192706 |
| 852 ## - LOCALIZACIÓN | |
| Ubicación | ES-MaACL |
| Número de control de estantería | L-31184 |
| Nota libre | - enc. tela |
| Estatus retirado | Estado de pérdida | Estado de daño | No para préstamo | Biblioteca de origen | Biblioteca actual | Ubicación en estantería | Fecha de adquisición | Fuente de adquisición | Total de préstamos | Signatura topográfica completa | Código de barras | Visto por última vez | Precio de reemplazo | Tipo de ítem Koha |
|---|---|---|---|---|---|---|---|---|---|---|---|---|---|---|
| Biblioteca del Ateneo de Madrid | Biblioteca del Ateneo de Madrid | Depósito 2 | 03/03/2017 | L-31184 | 1197186 | 23/02/2023 | 23/02/2023 | Libro impreso |
